Normal view
MARC view
Entry Topical Term
001 - CONTROL NUMBER
- control field: 1234743
003 - CONTROL NUMBER IDENTIFIER
- control field: OSt
005 - DATE AND TIME OF LATEST TRANSACTION
- control field: 20260413123857.0
008 - FIXED-LENGTH DATA ELEMENTS
- fixed length control field: 260413|| aca||aabn | a|a d
040 ## - CATALOGING SOURCE
- Original cataloging agency: OSt
- Transcribing agency: OSt
150 ## - HEADING--TOPICAL TERM
- Topical term or geographic name entry element: Polish Fiction
670 ## - SOURCE DATA FOUND
- Source citation: Work cat.: (OSt)1679451: Tokarczuk, Olga 1115445, Parwaaz, 2025.
